000 00689nam a2200181Ia 4500
008 151202s9999||||xx |||||||||||||| ||und||
082 _bPNVM-38556
100 _aबर्वे राजेंद्र.
245 _aमनोविकार: कथा आणि व्यथा.
260 _b"डिंपल पब्लिकेशन ,ठाणे."
260 _c1991
300 _a240
600 _aबर्वे राजेंद्र.
630 _aमनोविकार: कथा आणि व्यथा.
700 _aबर्वे राजेंद्र.
730 _aमनोविकार: कथा आणि व्यथा.
942 _cBOOK
999 _c1304508
_d1304505